|
|
|
|
| LEADER |
00000nam0a2200000 4500 |
| 001 |
298080 |
| 005 |
20231102001053.0 |
| 020 |
|
|
|a RU
|b 83-21789
|
| 035 |
|
|
|a (RuTPU)RU\TPU\book\323222
|
| 090 |
|
|
|a 298080
|
| 100 |
|
|
|a 20150616d1983 m y0rusy5003 ca
|
| 101 |
0 |
|
|a rus
|
| 102 |
|
|
|a RU
|
| 105 |
|
|
|a a z 001zy
|
| 200 |
1 |
|
|a Кибернетика для экономистов
|f Л. Л. Терехов
|
| 210 |
|
|
|a Москва
|c Финансы и статистика
|d 1983
|
| 215 |
|
|
|a 191 с.
|c ил.
|
| 320 |
|
|
|a Библиогр.: с. 190
|
| 606 |
1 |
|
|a Экономическая кибернетика
|2 stltpush
|3 (RuTPU)RU\TPU\subj\37391
|9 58402
|
| 610 |
1 |
|
|a кибернетика
|
| 610 |
1 |
|
|a экономика
|
| 610 |
1 |
|
|a информация
|
| 610 |
1 |
|
|a управление
|
| 610 |
1 |
|
|a кибернетические системы
|
| 610 |
1 |
|
|a ЭВМ
|
| 610 |
1 |
|
|a математическое моделирование
|
| 610 |
1 |
|
|a автоматизированные системы управления
|
| 610 |
1 |
|
|a АСУ
|
| 686 |
|
|
|a Ув635
|2 rubbk
|
| 700 |
|
1 |
|a Терехов
|b Л. Л.
|g Лев Леонидович
|
| 801 |
|
0 |
|a RU
|b RuMRKP
|c 19950704
|g psbo
|
| 801 |
|
1 |
|a RU
|b 63413507
|c 20150616
|
| 801 |
|
2 |
|a RU
|b 63413507
|c 20220826
|g RCR
|
| 942 |
|
|
|c BK
|